000 00649nam a2200241Ia 4500
005 20260430150057.0
008 008 250103s9999 xx 000 0 eng d
037 _aTheses
040 _aCRL
040 _beng
040 _ceng
041 _2eng
041 _aeng
084 _qCRL
100 _aGrover Naina Au.; Singha Pankaj Gu.
_91236386
245 0 _aBank Liquidity Creation; An Empirical Study on Indian Banking Industry
260 _c2022
300 _a196p.
650 _aManagement
700 _aUniversity of Delhi. Faculty of Management Studies. Deptt of Management
_91236387
942 _cTH
999 _c1848890
_d1848890